[Event "Goldmoney Asian Rapid Prelims 2021"]
[Site "Chess24"]
[Date "2021.06.24"]
[Round "8.7"]
[White "Gukesh D"]
[Black "Firouzja, Alireza"]
[Result "0-1"]
[WhiteElo "2578"]
[BlackElo "2759"]
[Annotator "TA"]
[PlyCount "46"]
[EventDate "2021.06.26"]
[EventType "tourn"]
[EventCountry "NET"]
[Tiebreak "Koya+Number of black wins+Number of wins"]
[SourceTitle "playchess.com"]
[Source "ChessBase"]
[SourceQuality "1"]

{[%evp 9,46,32,58,56,51,47,58,45,44,-113,-121,-138,-151,-236,-238,-209,-202,
-207,-216,-252,-257,-301,-251,-328,-332,-343,-330,-342,-338,-321,-258,-489,
-490,-458,-463,-484,-492,-496,-489]} 1. d4 Nf6 2. c4 c5 3. d5 b5 4. cxb5 a6 5.
bxa6 g6 6. Nc3 {A58: Benko/Volga Gambit: Lines with 5 bxa6.} Bg7 7. e4 {
Threatens to win with a7.} O-O 8. Nf3 {White is slightly better.} Qa5 {White
should prevent ...Nxe4.} 9. a7 $2 {[#]} (9. Nd2 $14 {keeps the upper hand.})
9... Nxe4 $1 $17 10. axb8=Q Rxb8 {[#]} 11. Bd3 $146 (11. Bd2 $2 Nxd2 12. Nxd2 (
12. Qxd2 $2 Rxb2 {[%mdl 64] Remove Defender} 13. Qxb2 Bxc3+ 14. Qd2 Bxd2+ 15.
Nxd2 Qc3 $19) 12... Rxb2 $19) (11. Qc2 $17 Nxc3 12. Bd2 {[%mdl 64] Pin}) ({
Predecessor:} 11. Qc2 Nxc3 12. Bd2 Qa4 13. b3 Qe4+ 14. Qxe4 Nxe4 15. Rc1 d6 16.
Bc4 Nxd2 17. Nxd2 {1/2-1/2 (38) Nenezic,M (2666)-Gschnitzer,A (2445) Chess.com
INT 2019}) 11... Nxc3 $19 ({Don't take} 11... Bxc3+ 12. Kf1 $17) 12. Qd2 {[#]}
Ra8 $1 13. O-O ({Not} 13. bxc3 $2 Bxc3 14. O-O Bxd2 $19) (13. d6 exd6) 13...
Nxd5 14. Qg5 e6 15. Rd1 Bb7 16. Qg3 Qa4 17. Re1 Nb4 18. Bb1 Bxf3 19. Qxf3 Nc2
$40 {[%mdl 128] Black wants a kill.} 20. Re4 $2 (20. Bxc2 {was the only
defense.} Qxc2 21. Qe2 Qxe2 22. Rxe2) 20... Nd4 {Black is clearly winning.} ({
Weaker is} 20... Nxa1 21. Rxa4 Rxa4 22. Qd1 $17) 21. Qd3 d5 22. Rg4 c4 23. Qf1
Nc2 {White got outplayed after the opening.  Weighted Error Value: White=0.50/
Black=0.06} 0-1

[Event "Goldmoney Asian Rapid Prelims 2021"]
[Site "Chess24"]
[Date "2021.06.24"]
[Round "8.8"]
[White "Erigaisi Arjun"]
[Black "Vidit, Santosh Gujrathi"]
[Result "1-0"]
[WhiteElo "2567"]
[BlackElo "2726"]
[Annotator "TA"]
[PlyCount "129"]
[EventDate "2021.06.26"]
[EventType "tourn"]
[EventCountry "NET"]
[Tiebreak "Koya+Number of black wins+Number of wins"]
[SourceTitle "playchess.com"]
[Source "ChessBase"]
[SourceQuality "1"]

{[%evp 30,129,12,8,10,5,6,6,6,6,10,4,72,72,77,66,66,66,132,128,279,295,298,248,
547,636,463,232,779,732,684,369,364,354,306,274,257,242,235,225,265,237,852,0,
0,0,0,-86,-79,-79,-71,-79,0,0,763,763,763,763,763,756,748,748,749,690,660,656,
693,584,733,614,1334,1340,1340,1323,1272,1272,1272,1258,1251,1210,1231,1231,
1225,1225,1157,1124,1147,1118,29951,29955,6721,10116,29960,8691,29975,29976,
29976,29978,29979,29980,29981,29982]} 1. e4 c5 2. Nf3 e6 3. d4 cxd4 4. Nxd4 Nf6
5. Nc3 Nc6 6. Ndb5 d6 7. Bf4 e5 8. Bg5 a6 9. Na3 b5 10. Nd5 Be7 11. Bxf6 Bxf6
12. c3 Rb8 13. Nc2 Bg5 14. a4 bxa4 15. Ncb4 Nxb4 16. Nxb4 {16.cxb4 is the
modern continuation.} Bd7 {B33: Sicilian: Pelikan and Sveshnikov Variations.}
17. Bxa6 Qa5 18. Qxd6 Rb6 {The position is equal.} 19. Qd3 {White wants to
play 0-0.} Be6 {aiming for ...Be7.} 20. O-O {Strongly threatening Bc4.} Be7 (
20... O-O $11) 21. Bc4 $16 {And now Bxe6 would win.} Bxb4 22. cxb4 $40 {
[%mdl 128] White has some attack.} Qxb4 23. Bxe6 fxe6 ({Better is} 23... Rxe6
$14 24. Qc2 O-O) 24. Qf3 {[#]} Rf8 $146 (24... Rb7 $16) ({Predecessor:} 24...
Qb3 25. Qh5+ g6 26. Qh6 Rb7 27. Rac1 Rd7 28. Rc8+ Rd8 29. Rxd8+ Kxd8 30. Qg7 {
1-0 (29) Ehlvest,J (2600)-Ataman,A (2156) Kocaeli 2002}) 25. Qh5+ $18 {[%mdl
64] Double Attack} Rf7 26. Qxh7 Qxb2 $2 (26... Rd6 27. Kh1 Kf8) 27. Rac1 {
White wants to mate with Qg8+.} Rbb7 28. h4 (28. h3 $142 {Rc8+ is the strong
threat.} Ke7 29. Qh4+ Rf6 30. Rc8) 28... Qb6 $2 (28... Ke7 29. Qh5 Qd2 30. Qxe5
Rd7) 29. Rc8+ Ke7 30. Qh5 Rb8 31. Qg5+ Kd7 32. Rc4 a3 33. Qxe5 Ra8 34. Rc2 {
Hoping for Qh5.} a2 35. Qa1 Qb3 $2 (35... Qa5 36. f3 Ke8) 36. Rb2 $2 (36. Qd1+
$18 Ke8 37. Rc8+ $3 {[%mdl 576] Discovered Attack} Rxc8 38. Qxb3) 36... Qc4 $1
$11 37. Rd1+ Ke8 38. Rdd2 {[#]} (38. h5 $11 {keeps the balance.}) 38... Rfa7 $1
$17 {[%mdl 1024] Black has strong compensation.} 39. Rbc2 Qb3 {White must now
prevent ...Qb1+.} 40. Rc1 Rb7 (40... Kf8 $17) 41. Kh2 $11 Qb1 $2 {[%mdl 8192] 
[#] White stays focused until the end.} (41... Kf7 $11) 42. Rxb1 $1 $18 {
[%mdl 512]} Rxb1 {[#]} 43. Qxa2 $1 Rxa2 44. Rxa2 {[%mdl 4096] Endgame KR-KR}
Kf7 45. Kg3 Kf6 46. Ra5 Rb4 47. f3 Rb2 48. Ra1 g6 49. Rf1 e5 50. Rf2 Rb6 51.
Rd2 Kg7 52. Kg4 Kf6 53. g3 Ra6 54. Rd8 Ra3 55. Rd6+ Kf7 56. Rb6 Re3 57. Rb4 Kf6
58. f4 Re1 59. fxe5+ Kxe5 60. Kg5 Rg1 61. g4 Rg2 62. Rb6 {White mates.} Kxe4
63. Rxg6 Kf3 64. Rf6+ Kg3 65. h5 {Weighted Error Value: White=0.50/Black=0.37}
1-0

[Event "Goldmoney Asian Rapid Prelims 2021"]
[Site "Chess24"]
[Date "2021.06.24"]
[Round "9.1"]
[White "Vidit, Santosh Gujrathi"]
[Black "Aronian, Levon"]
[Result "1/2-1/2"]
[WhiteElo "2726"]
[BlackElo "2781"]
[Annotator "TA"]
[PlyCount "64"]
[EventDate "2021.06.26"]
[EventType "tourn"]
[EventCountry "NET"]
[Tiebreak "Koya+Number of black wins+Number of wins"]
[SourceTitle "playchess.com"]
[Source "ChessBase"]
[SourceQuality "1"]

{[%evp 12,64,11,21,14,16,14,11,20,13,16,-23,10,0,0,0,15,8,50,14,20,13,4,0,0,0,
0,0,0,0,0,0,0,0,0,0,0,0,2,0,0,-2,0,0,0,0,0,0,0,0,0,0,0,0,0]} 1. e4 e5 2. Nf3
Nc6 3. Bc4 Bc5 4. c3 Nf6 5. d3 d6 6. O-O O-O 7. Re1 $1 {[%mdl 4] outshines the
older 7.Bb3.} a5 {C54: Giuoco Piano: 4 c3 Nf6, main lines with 5 d4 and 5 d3.}
8. h3 Be6 9. Bb5 Ne7 10. d4 Bb6 {[#]} 11. Be3 $146 ({Predecessor:} 11. Nbd2 c6
12. Bd3 Ng6 13. Nf1 exd4 14. Nxd4 Qc7 15. Be3 Rae8 16. f4 Bc8 17. Ng3 {0-1 (63)
Kramnik,V (2753)-Aronian,L (2781) Paris 2021}) 11... exd4 12. Nxd4 c6 13. Bd3
Ng6 14. Nd2 Qc7 15. Nxe6 fxe6 {The position is equal.} 16. Qb3 Bxe3 17. Qxe6+
Kh8 18. Rxe3 d5 19. e5 {[#] Hoping for Bxg6.} Rae8 20. Qd6 Qxd6 21. exd6 {
Black should prevent Rae1.} Rxe3 22. fxe3 Ne5 23. Bc2 Rd8 24. e4 Rxd6 25. exd5
Rxd5 26. Rd1 g6 27. Kf2 Nd3+ (27... Rd7 {feels hotter.} 28. c4 Kg7 29. b3 Nf7
30. a3 Nd6) 28. Bxd3 Rxd3 29. Ke2 Rg3 30. Kf2 Rd3 31. Ke2 Rg3 32. Kf2 Rd3 {
A rather calm draw.  Weighted Error Value: White=0.04/Black=0.04} 1/2-1/2

[Event "Goldmoney Asian Rapid Prelims 2021"]
[Site "Chess24"]
[Date "2021.06.24"]
[Round "9.2"]
[White "Firouzja, Alireza"]
[Black "Erigaisi Arjun"]
[Result "1/2-1/2"]
[WhiteElo "2759"]
[BlackElo "2567"]
[Annotator "TA"]
[PlyCount "68"]
[EventDate "2021.06.26"]
[EventType "tourn"]
[EventCountry "NET"]
[Tiebreak "Koya+Number of black wins+Number of wins"]
[SourceTitle "playchess.com"]
[Source "ChessBase"]
[SourceQuality "1"]

{[%evp 13,68,4,15,14,6,11,10,10,11,0,12,15,42,0,0,0,0,0,0,0,0,0,32,32,33,-56,
34,0,0,-11,-12,0,0,-31,58,66,50,60,47,51,60,49,43,37,57,12,43,35,34,0,0,0,27,0,
0,0,51]} 1. e4 e5 2. Nf3 Nf6 3. Nxe5 d6 4. Nf3 Nxe4 5. Nc3 Nxc3 6. dxc3 Be7 7.
Be3 $1 {The main line 7.Be3 scores better than 7.Bf4.} O-O 8. Qd2 {C42:
Petroff Defence: 3 Nxe5 and unusual White 3rd moves.} Nd7 9. O-O-O c6 10. Kb1
d5 11. h4 Re8 12. Bd3 Bc5 13. Bg5 f6 $1 {[%cal Rf6g5]} 14. Bf4 {[#]} Bb6 $5
$146 {[%mdl 8] New and interesting.} ({Predecessor:} 14... Nf8 15. Nd4 Ng6 16.
h5 Ne5 17. f3 Bf8 18. g4 Nxd3 19. Qxd3 Qe7 20. a3 Bd7 {1/2-1/2 (41) Alekseenko,
K (2674)-Melkumyan,H (2650) Batumi 2019}) 15. Nd4 Nc5 16. f3 Nxd3 17. Qxd3 c5
18. Nb5 Be6 19. Nd6 (19. Rhe1 $14) 19... Re7 ({Better is} 19... Bc7 $1 $15 20.
Nxe8 Bxf4 21. Nxg7 Kxg7) 20. Nf5 Re8 21. g4 Qd7 22. c4 {[%cal Rc4d5]} Rad8 23.
Rhe1 (23. Nd6 $5 {[%cal Rc4d5]} dxc4 24. Qe2 $11) 23... dxc4 ({Black should
play} 23... Ba5 $15 24. c3 dxc4 25. Qxd7 Bxd7) 24. Qf1 $1 $14 Qa4 25. Rxd8 Bxd8
26. Nd6 Re7 {[#] And now ...c3! would win.} 27. Nxb7 $1 Bb6 {[#] aiming for ...
c3.} 28. Re4 $1 Qd7 29. Nd6 c3 (29... Bc7 $5 {[%cal Rc7d6]} 30. Nxc4 Bxf4 31.
Rxf4 h5 $11) 30. Qe1 cxb2 31. Nf5 Re8 32. Nd6 Re7 33. Nf5 Re8 34. Nd6 (34. h5
$11) 34... Re7 {Weighted Error Value: White=0.13/Black=0.14} 1/2-1/2

[Event "Goldmoney Asian Rapid Prelims 2021"]
[Site "Chess24"]
[Date "2021.06.24"]
[Round "9.3"]
[White "Hou, Yifan"]
[Black "Gukesh D"]
[Result "0-1"]
[WhiteElo "2658"]
[BlackElo "2578"]
[Annotator "TA"]
[PlyCount "68"]
[EventDate "2021.06.26"]
[EventType "tourn"]
[EventCountry "NET"]
[Tiebreak "Koya+Number of black wins+Number of wins"]
[SourceTitle "playchess.com"]
[Source "ChessBase"]
[SourceQuality "1"]

{[%evp 24,68,33,8,6,4,17,12,12,-19,-15,-24,-22,-20,-16,-137,-138,-126,-120,
-240,-239,-247,-243,-523,-512,-475,-322,-1154,-1153,-1143,-1134,-1100,-1060,
-850,-774,-1168,-681,-671,-672,-636,-631,-605,-610,-29967,-29968,-2179,-2089]} 
1. e4 c5 2. Nf3 Nc6 3. d4 cxd4 4. Nxd4 Nf6 5. Nc3 e5 6. Ndb5 d6 7. Bg5 a6 8.
Na3 b5 9. Nd5 Be7 10. Bxf6 Bxf6 11. c3 Bg5 {11...Rb8 is setting a new trend.}
12. Nc2 Rb8 13. a3 O-O {13...a5 is not played anymore. B33: Sicilian: Pelikan
and Sveshnikov Variations.} 14. Be2 Bb7 $5 {[%mdl 4] An interesting side line.}
15. Ncb4 Ne7 {[#] The position is equal.} 16. Nxe7+ $146 ({Predecessor:} 16.
O-O Kh8 17. Qd3 a5 18. Nxe7 axb4 19. Nd5 bxa3 20. Rxa3 Bxd5 21. Qxd5 b4 22. Ra7
bxc3 23. bxc3 {1-0 (98) Timofeev,A (2671)-Banikas,H (2582) Budva 2009}) 16...
Qxe7 17. Nd5 Qe6 18. h4 Bd8 19. c4 (19. g4 $11 {keeps the balance.}) 19... Qg6
$17 20. Bf3 bxc4 21. Rc1 (21. O-O $17 {keeps fighting.}) 21... Bxd5 $19 22.
Qxd5 {[#]} Rb5 $1 23. Qc6 $2 (23. Qd1) 23... Ba5+ 24. Kf1 Rxb2 25. Rxc4 $2 (25.
g3) 25... Qh6 {( -> ...Rb1+)} 26. Qd5 Bb6 27. Qd3 Rxf2+ 28. Ke1 Ra2 29. Rh3 Qf4
{aiming for ...Rb8.} 30. Rc2 Rxc2 31. Qxc2 Qe3+ {[%mdl 64] [#] Double Attack}
32. Be2 Qf2+ {[%mdl 64] Double Attack} 33. Kd1 Qg1+ 34. Kd2 Ba5+ {White did
not feel at home in the position after the opening.  Weighted Error Value:
White=1.26/Black=0.27} 0-1

[Event "Goldmoney Asian Rapid Prelims 2021"]
[Site "Chess24"]
[Date "2021.06.24"]
[Round "9.5"]
[White "Svidler, Peter"]
[Black "Adhiban, B.."]
[Result "1-0"]
[WhiteElo "2714"]
[BlackElo "2660"]
[Annotator "TA"]
[PlyCount "61"]
[EventDate "2021.06.26"]
[EventType "tourn"]
[EventCountry "NET"]
[Tiebreak "Koya+Number of black wins+Number of wins"]
[SourceTitle "playchess.com"]
[Source "ChessBase"]
[SourceQuality "1"]

{[%evp 16,61,29,16,35,30,31,0,12,0,0,1,12,-8,0,0,17,0,30,43,35,26,52,43,37,56,
35,44,300,303,596,556,630,621,603,449,430,393,915,929,870,932,931,922,881,853,
29990,29991]} 1. e4 e5 2. Nf3 Nc6 3. Bb5 a6 4. Ba4 Nf6 5. O-O Bc5 6. c3 b5 7.
Bb3 d6 8. a4 Bg4 9. h3 Bh5 {C78: Ruy Lopez: Archangelsk and Möller Defences.}
10. d3 Na5 11. Bc2 {[#] g4 is the strong threat.} b4 {The position is equal.}
12. Nbd2 Rb8 13. Re1 O-O 14. g4 {[#] Strongly threatening d4.} Nxg4 $146 (14...
bxc3 {seems wilder.} 15. bxc3 Bg6 16. Nf1 h6 17. Ng3 Re8) ({Predecessor:} 14...
Bg6 15. Nf1 Re8 16. Ng3 d5 17. Qe2 bxc3 18. bxc3 Nb3 19. Bxb3 Rxb3 20. Qc2 Rb8
{1-0 (39) Caruana,F (2828)-Kollars,D (2564) Chess.com INT 2019}) 15. hxg4 Bxg4
16. Kg2 f5 17. exf5 bxc3 18. bxc3 {Threatening d4.} Qf6 $1 19. d4 $1 {[%cal
Rd4c5]} Bxf5 20. Bxf5 (20. dxc5 Qg6+ 21. Kh1 Bxc2 $15) 20... Qxf5 21. Ne4 Nb3 {
[%mdl 8192] Loses the game.} 22. Rb1 $18 (22. Nh4 Qf7 $16) 22... Qg6+ $2 (22...
Qg4+ 23. Ng3 Qxf3+ 24. Qxf3 Rxf3 25. Kxf3 exd4) 23. Bg5 d5 24. Nxe5 ({Weaker is
} 24. Nxc5 e4 $16) (24. Rxb3 dxe4 25. Rxb8 Rxb8 $15) 24... Qf5 25. Rxb3 dxe4
26. Rxb8 ({Don't blunder} 26. dxc5 $2 Qxg5+ 27. Kf1 (27. Ng4 $2 Rbd8 $19) 27...
Rbd8 $19) 26... Qxf2+ $2 (26... Qxg5+ 27. Qg4 Qxg4+ 28. Nxg4 Rxb8 29. dxc5 Re8)
27. Kh3 {[#] Qb3+ would kill now.} Rxb8 28. Rf1 Qa2 29. dxc5 {Hoping for Qd7.}
Qe6+ 30. Qg4 Qxe5 31. Bf6 {[%csl Gf6][%cal Rg4g7] Weighted Error Value:
White=0.19/Black=0.98} 1-0

[Event "Goldmoney Asian Rapid Prelims 2021"]
[Site "Chess24"]
[Date "2021.06.24"]
[Round "9.6"]
[White "Salem, A.R. Saleh"]
[Black "Artemiev, Vladislav"]
[Result "0-1"]
[WhiteElo "2682"]
[BlackElo "2704"]
[Annotator "TA"]
[PlyCount "74"]
[EventDate "2021.06.26"]
[EventType "tourn"]
[EventCountry "NET"]
[Tiebreak "Koya+Number of black wins+Number of wins"]
[SourceTitle "playchess.com"]
[Source "ChessBase"]
[SourceQuality "1"]

{[%evp 13,74,0,2,-28,0,5,21,11,13,13,13,20,17,8,13,5,0,0,38,-7,0,0,0,0,0,-114,
-83,-172,-164,-145,-73,-138,-135,-123,-135,-127,-138,-141,-144,-150,-139,-141,
-131,-148,-139,-143,-124,-198,-197,-208,-200,-210,-204,-266,-231,-355,-334,
-483,-438,-453,-440,-431,-438]} 1. d4 d5 2. c4 e6 3. Nc3 c5 4. e3 Nf6 5. Nf3
Nc6 6. a3 a6 7. cxd5 exd5 8. Bd3 {D40: Queen's Gambit Declined: Semi-Tarrasch
with 5 e3.} Bg4 (8... c4 $5 {[%cal Rc4d3]} 9. Bb1 Be7 $11) 9. O-O {[#]} cxd4
$146 ({Predecessor:} 9... Bxf3 10. Qxf3 cxd4 11. exd4 Nxd4 12. Re1+ Be7 13. Qh3
Nb3 14. Rb1 Nxc1 15. Rbxc1 h6 {1-0 (31) Mohsen,K (2280)-El Ghazali,Y (2275)
Tanta 1997}) 10. exd4 {The position is equal.} Be7 11. Be3 O-O 12. h3 Bh5 13.
g4 Bg6 14. Ne5 Bxd3 15. Qxd3 h5 16. f3 Bd6 17. Bf4 Rc8 {Hoping for ...Nxd4!}
18. Rf2 Re8 {[%cal Rc6e5]} 19. Re1 (19. g5 $11 {remains equal.} Bxe5 20. Bxe5)
19... Qb6 20. g5 {[#]} (20. Rd1 $17 {was necessary.}) 20... Nd7 $1 $19 {
[%cal Rd6e5][%mdl 576] Pin} 21. Nxd5 {[#]} Qxd4 (21... Qa5 $142 $1 {[%cal
Ra5e1]} 22. Qe4 Ncxe5 23. dxe5 Bc5) 22. Qxd4 ({White should play} 22. Re4 Qxd3
23. Nxd3 Rxe4 24. fxe4) 22... Nxd4 $17 23. Nd3 Rxe1+ 24. Nxe1 {[#]} Rc5 $1 $36
{[%mdl 2048] Black is really pushing.} 25. Bxd6 Rxd5 {[%mdl 64] Double Attack}
26. Bf4 Ne6 27. Be3 Nxg5 28. Rd2 Rxd2 (28... Nxh3+ 29. Kg2 $16) 29. Bxd2 {
[%mdl 4096] Endgame KBN-KNN} Ne6 ({Stronger than} 29... Nxh3+ 30. Kg2 $16) 30.
Nd3 (30. f4 $17 {keeps fighting.}) 30... Kh7 $19 31. Kf2 Kg6 32. Bc3 Kf5 33.
Ke3 g5 34. Nf2 (34. Kf2 $142) 34... Nb6 35. Ne4 (35. Nd3 $142) 35... Nd5+ {
Black is clearly winning.} 36. Kf2 Nxc3 37. bxc3 Ke5 {Weighted Error Value:
White=0.37/Black=0.08} 0-1

[Event "Goldmoney Asian Rapid Prelims 2021"]
[Site "Chess24"]
[Date "2021.06.24"]
[Round "9.7"]
[White "Carlsen, Magnus"]
[Black "Dubov, Daniil"]
[Result "1-0"]
[WhiteElo "2847"]
[BlackElo "2714"]
[Annotator "TA"]
[PlyCount "111"]
[EventDate "2021.06.26"]
[EventType "tourn"]
[EventCountry "NET"]
[Tiebreak "Koya+Number of black wins+Number of wins"]
[SourceTitle "playchess.com"]
[Source "ChessBase"]
[SourceQuality "1"]

{[%evp 9,111,20,27,16,23,8,7,0,0,0,0,0,0,6,48,44,51,45,45,39,53,39,35,10,10,22,
45,0,0,7,30,27,45,18,12,20,12,11,146,139,137,149,133,156,164,138,165,182,166,
166,177,179,225,208,218,218,212,209,207,133,129,141,133,139,135,129,93,79,85,
59,54,60,722,711,608,175,167,167,283,296,400,312,438,438,607,601,607,607,570,
481,574,542,2954,2424,1825,1100,2473,2354,2110,1904,1529,1453,29970,29971]} 1.
e4 e5 2. Nf3 Nc6 3. Bb5 Nf6 4. d3 Bc5 5. Bxc6 dxc6 6. Qe2 {C65: Ruy Lopez:
Berlin Defence (3...Nf6), unusual lines and 4 0-0 Bc5.} Qd6 {[#]} 7. a3 $146 (
7. O-O {is interesting.} O-O 8. Nbd2 Be6 9. b3 Nh5 10. Nc4) ({Predecessor:} 7.
Nbd2 Be6 8. O-O Nd7 9. Ng5 Nf8 10. Nxe6 Nxe6 11. Nc4 Qe7 12. c3 f6 13. b4 Bd6 {
0-1 (42) Ostrovskiy,A (2444)-McShane,L (2647) Germany 2017}) 7... a5 8. Be3 {
The position is equal.} Bxe3 9. Qxe3 O-O 10. Nbd2 Be6 11. Ng5 Bd7 12. Nc4 Qe7 {
Strongly threatening ...b5.} 13. Nf3 $1 Ng4 14. Qd2 a4 15. h3 b5 16. hxg4 bxc4
17. Qc3 Rfe8 {With the idea ...cxd3.} 18. Qxc4 Bxg4 19. Qxc6 Rab8 (19... Bxf3
$5 20. gxf3 Reb8 $14) 20. Rb1 Bd7 21. Qxc7 Rbc8 22. Qa7 {Black should prevent
Nxe5.} Rxc2 23. O-O Rec8 {[#]} (23... Qd6 $11 {keeps the balance.}) 24. Nxe5 $1
$16 {[%mdl 512]} R2c7 25. Qd4 Bb5 {...Rd8 is the strong threat.} 26. Rfd1 Rd8 {
[#]} 27. Qb6 {[%cal Rb6b5]} Qxe5 28. d4 Qe7 {White must now prevent ...Rb7.}
29. Qxb5 Qxe4 30. Qxa4 h5 31. Re1 Qf5 32. Rbc1 Rcd7 33. Rc5 Qg4 34. Qd1 Rxd4
35. Qxg4 hxg4 {[%mdl 4096] Endgame KRR-KRR} 36. Rec1 Kh7 37. b4 {[%cal Bb2b4,
Bb4b5,Bb5b6][%mdl 32]} Ra8 38. R5c3 Rd2 39. Rb3 {Threatens to win with b5.} Ra2
$1 40. b5 {Hoping for b6.} Re8 $2 {[%mdl 8192] Black cannot hold the game
after this.} (40... R8xa3 $14 41. Rb4 Ra7) 41. b6 $18 g3 42. Rxg3 $2 (42. b7)
42... Rb2 43. Rc7 {aiming for b7.} Rxb6 (43... Rb1+ {might work better.} 44.
Kh2 Rxb6 45. Rxf7 Rh6+ 46. Rh3 Rxh3+ 47. Kxh3 Ra8) 44. Rxf7 Re1+ 45. Kh2 Rh6+ (
45... Kh8 $142 46. Rgxg7 Rh1+ 47. Kg3 (47. Kxh1 Rh6+ 48. Kg1 Rh1+ 49. Kxh1 $11)
47... Rb3+ 48. f3 Rxa3) 46. Rh3 Ra1 47. Ra7 Ra2 48. f3 Rxh3+ 49. Kxh3 {KR-KR}
Kh6 50. g3 g6 51. Kg4 Rc2 52. a4 {[%cal Ba3a4,Ba4a5][%mdl 32]} Rc4+ 53. f4 Rc3
54. a5 Rc5 55. a6 g5 56. Ra8 {Weighted Error Value: White=0.28/Black=0.28} 1-0

[Event "Goldmoney Asian Rapid Prelims 2021"]
[Site "Chess24"]
[Date "2021.06.24"]
[Round "9.8"]
[White "Giri, Anish"]
[Black "Duda, Jan-Krzysztof"]
[Result "1/2-1/2"]
[WhiteElo "2780"]
[BlackElo "2729"]
[Annotator "TA"]
[PlyCount "136"]
[EventDate "2021.06.26"]
[EventType "tourn"]
[EventCountry "NET"]
[Tiebreak "Koya+Number of black wins+Number of wins"]
[SourceTitle "playchess.com"]
[Source "ChessBase"]
[SourceQuality "1"]

{[%evp 18,136,15,15,32,39,37,41,33,27,41,41,41,41,41,41,41,41,41,40,29,31,62,
48,45,35,33,27,19,37,32,21,60,58,69,25,25,25,25,25,25,25,32,47,41,25,25,25,25,
5,25,25,58,25,25,25,25,32,54,25,41,0,25,25,25,25,25,3,7,7,8,7,22,0,0,0,0,0,0,0,
0,0,0,0,0,0,0,0,0,0,0,0,0,0,0,0,0,0,0,0,0,0,0,0,0,0,0,0,0,0,0,0,0,0,0,0,0,0,0,
0,0]} 1. e4 c5 2. Nf3 d6 3. d4 cxd4 4. Nxd4 Nf6 5. Nc3 a6 6. a4 g6 7. Be2 Nc6
8. Be3 Bg7 9. O-O O-O 10. Qd2 Ng4 {B90: Sicilian Najdorf: Unusual White 6th
moves, 6 Be3 Ng4 and 6 Be3 e5.} 11. Bxg4 Bxg4 12. Nd5 Rc8 {White is slightly
better.} 13. a5 Bxd4 14. Bxd4 Nxd4 15. Qxd4 Be6 16. Ne3 Qc7 {[#]} 17. Ra4 $146
({Predecessor:} 17. c3 Qc5 18. Qd2 Qe5 19. Ra4 f5 20. exf5 gxf5 21. Re1 Qf6 22.
Rf4 Rc5 23. c4 {1-0 (41) Valerga,D (2470)-Gauci,J (2098) Turin 2006}) 17... Qc5
18. Qd2 Qb5 19. b3 Rc5 20. Rfa1 Qc6 21. Rd4 Rc8 22. c4 b5 {[%cal Rb5c4]} 23.
axb6 Qxb6 24. Rd3 Rb8 25. Nd5 Qd8 26. Rxa6 (26. h4 {keeps more tension.} Rc6
27. h5 Bxd5 28. exd5 Rcb6 29. Qc2) 26... Bxd5 27. exd5 Rxc4 $1 28. bxc4 Rb1+ {
[#]} 29. Qd1 $1 {[%cal Rd1b1]} Qb8 {[#]} 30. Ra1 $1 Rxd1+ 31. Rdxd1 $14 {
[%mdl 4096] Endgame KQ-KRR} Qb2 32. h3 Kg7 33. Re1 {Black should prevent Ra7.}
Qc3 34. Rac1 Qd2 35. Rcd1 Qc2 36. Rd4 Qc3 37. Rde4 Kf8 38. R1e3 Qc1+ 39. Re1
Qc2 40. g3 Qd3 41. R1e3 Qc2 42. Kg2 h6 {The position is equal.} 43. Rf4 g5 44.
Rfe4 Kg7 45. h4 Kg6 46. hxg5 hxg5 47. Rd4 Kf6 48. g4 Qc1 49. Rde4 Qc2 50. Kg3
Kg6 51. Re2 Qc3+ 52. Kg2 Qd3 53. R2e3 Qc2 54. Kg3 Qc1 55. Re1 Qc3+ 56. f3 Kf6
57. Rh1 Qc2 58. Rf1 (58. Rhe1 {with more complications.} Qc3) 58... Qd3 59. Kg2
Qd2+ 60. Rf2 Qd3 61. Rfe2 Qc3 62. Kg3 Qc1 63. Kg2 Qc3 64. f4 Qd3 65. R2e3 (65.
Rxe7 $2 gxf4 66. Kg1 Qd4+ 67. Kg2 Qxc4 $19) 65... Qc2+ 66. Re2 Qd3 67. R2e3 ({
Wrong is} 67. Rxe7 $2 gxf4 68. Kg1 Qd4+ 69. Kg2 Qxc4 $19) 67... Qc2+ 68. Re2
Qd3 {Weighted Error Value: White=0.05/Black=0.04} 1/2-1/2